My Most Played Songs All Time - Statistics

General Stats
  • This quiz has been taken 15 times
  • The average score is 117 of 505
Answer Stats
Answer % Correct
and
100%
to
88%
To
88%
a
75%
A
75%
We
75%
Be
63%
Bo
63%
Bowie
63%
Love
63%
The
63%
the
63%
and
50%
Are
50%
David
50%
El
50%
For
50%
Go
50%
I
50%
I'm
50%
In
50%
in
50%
IT
50%
It
50%
Me
50%
on
50%
On
50%
Rock
50%
Roll
50%
Rolling
50%
Stones
50%
When
50%
Who
50%
You
50%
All
38%
Another
38%
Babe
38%
Bell
38%
Black
38%
Break
38%
Breaks
38%
Brick
38%
Enter
38%
Eyes
38%
Floyd
38%
Gonna
38%
Good
38%
Heaven
38%
Here
38%
John
38%
Kanye
38%
Key
38%
L.A.
38%
Leave
38%
Led
38%
Levee
38%
Like
38%
Man
38%
Metallica
38%
Nirvana
38%
Of
38%
of
38%
Out
38%
Pigs
38%
Pink
38%
Queen
38%
Sabbath
38%
Sandman
38%
Smells
38%
Spirit
38%
Stairway
38%
Teen
38%
Tolls
38%
Tom
38%
Ty
38%
Under
38%
UP
38%
Up
38%
Wall
38%
Were
38%
Whom
38%
Wish
38%
Zeppelin
38%
Army
25%
Baby
25%
Beach
25%
Bizkit
25%
Box
25%
Boy
25%
Boys
25%
Child
25%
Confused
25%
Creator
25%
Dazed
25%
Deep
25%
Dog
25%
Down
25%
Goin'
25%
Hangin'
25%
Heart
25%
Hello
25%
Heroes
25%
Immigrant
25%
Iron
25%
Kashmir
25%
Keep
25%
Kendrick
25%
Limp
25%
Lotta
25%
Master
25%
My
25%
Nation
25%
Now
25%
Odd
25%
Only
25%
Puppets
25%
Purple
25%
Say
25%
Seven
25%
Shaped
25%
Song
25%
Space
25%
Stripes
25%
Stuff
25%
Sweet
25%
System
25%
Tears
25%
That
25%
Time
25%
Tyler
25%
Wanna
25%
War
25%
West
25%
White
25%
Whole
25%
With
25%
Your
25%
1998
13%
1T
13%
A$AP
13%
Acid
13%
Against
13%
Awake
13%
Backwards
13%
Band
13%
Beastie
13%
Becoming
13%
Body
13%
Born
13%
Brain
13%
Bulls
13%
Burnham
13%
C418
13%
Care
13%
Cash
13%
Childish
13%
Chris
13%
Clint
13%
Creep
13%
Crystal
13%
Curry
13%
Dad
13%
Dark
13%
Dat
13%
Deceiver
13%
(Delicious)
13%
Denzel
13%
Dex
13%
Dirty
13%
Drunk
13%
Earl
13%
Eastwood
13%
Empire
13%
Evils
13%
Famous
13%
Father
13%
Feel
13%
Feels
13%
Fight
13%
Finger
13%
Fire
13%
Fold
13%
Fools
13%
Fudge
13%
Future
13%
Fuzz
13%
Gambino
13%
Gimme
13%
Gorillaz
13%
Gotye
13%
(Grievous
13%
Hands
13%
Harry
13%
Hill
13%
Hive
13%
House
13%
Impala
13%
Inc.
13%
Jelly
13%
Jet
13%
Jewels
13%
Know
13%
Kojak
13%
Lake
13%
Lamar
13%
Leaf
13%
Lightning
13%
M83
13%
Machine
13%
Manana
13%
Meatbodies
13%
Melancholy
13%
Mickey
13%
Minecraft
13%
Misty
13%
Nights
13%
None
13%
NY
13%
Ocean
13%
Oldie
13%
Outro
13%
Parade
13%
Paranoid
13%
Peace
13%
People
13%
Pharrell
13%
PICK
13%
Pirate
13%
Pixies
13%
Radiohead
13%
Rage
13%
Real
13%
Ride
13%
Rocky
13%
Run
13%
Sabotage
13%
Sea
13%
Segall
13%
Shelter
13%
Silver
13%
Somebody
13%
Soul
13%
Staples
13%
Stooges
13%
Subways
13%
Sun)
13%
Sun
13%
Sweatshirt
13%
SWITCH
13%
Take
13%
Tame
13%
Their
13%
untitled
13%
Used
13%
Vanilla
13%
Vince
13%
Wait
13%
Waits
13%
Wake
13%
Willaris.K
13%
Willaris K.
13%
Williams
13%
Yonkers
13%
ZWITCH
13%
02
0%
4
0%
4th
0%
Andromeda
0%
Anemone
0%
Away
0%
Babushka
0%
Big
0%
Blinders
0%
Boards
0%
Boi
0%
Brian
0%
Brooklyn
0%
Burning
0%
Chamber
0%
Chop
0%
DARE
0%
Destinations
0%
Destroy
0%
Dour
0%
Duckwrth
0%
Dun
0%
Electric
0%
Filth
0%
Flying
0%
Freestyle
0%
FUN!
0%
Funeral
0%
Generator
0%
Genesis
0%
Gesaffelstein
0%
God
0%
Goodbye
0%
Gouge
0%
Grams
0%
Groovy
0%
GZA
0%
Has
0%
High
0%
Hunter
0%
Jonestown
0%
Justice
0%
Kavinsky
0%
Killing
0%
Legend
0%
Liquid
0%
Lullaby
0%
M1A1
0%
MAGIC
0%
Maksim
0%
Massacre
0%
Myth
0%
Name
0%
Natural
0%
NEW
0%
Nightcall
0%
Numbers
0%
Opr
0%
Pangea
0%
Phantom
0%
PLAY
0%
Potato
0%
Psycho
0%
Pursuit
0%
Pusha T
0%
Redbone
0%
Riot
0%
Saga
0%
Salad
0%
SAMO
0%
Seek
0%
Selection
0%
Shades
0%
SHAED
0%
Shine
0%
Shit
0%
Sick
0%
slowthai
0%
SOFT
0%
Stars
0%
Start
0%
Street
0%
Subliminal
0%
Subwoofer
0%
Suey!
0%
Suicidal
0%
Swine
0%
Swords
0%
Telephone
0%
Tendencies
0%
Ting
0%
Together
0%
Trampoline
0%
Viol
0%
WAND
0%
Wave
0%
Wisdom
0%
Wreath
0%
x
0%
No matching quizzes found
Score Distribution
Percent of People with Each Score
Percentile by Number Answered
Your Score History
You have not taken this quiz